| 000 | 00828nam a2200217Ii 4500 | ||
|---|---|---|---|
| 003 | JO-AjNU | ||
| 008 | 230605s9999||||xx |||||||||||||| ||und|| | ||
| 017 | _a1991/4/194 | ||
| 040 |
_aJO-AjNU _bara _erda _cJO-AjNU |
||
| 041 | _aara | ||
| 050 | 1 | 4 | _aGV1114.9.A2866 2005 |
| 100 | 3 |
_aتاليف أبو عثمان، أحمد, _eauthor _918597 |
|
| 245 | 0 | 0 | _aالشاولين- التايكواندو والفلسفة القتالية |
| 250 | _a ط1 | ||
| 264 | 3 | 1 | _aعمان: دار البيت العتيق الاسلامية للنشر والتوزيع، 2005 |
| 300 |
_a198ص _bصور توضبحية |
||
| 336 |
_atext _btxt _2rdacontent |
||
| 337 |
_aunmediated _bn _2rdamedia |
||
| 338 |
_avolume _bnc _2rdacarrier |
||
| 650 | 4 |
_aالعاب المبارزة - الالعاب القتالية - التايكواندو _918598 |
|
| 999 |
_aA5978 _c9546 _d9546 |
||